000 00598nam a2200241Ia 4500
003 OSt
005 20221007103203.0
006 a|||||r|||| 00| 0
007 ta
008 221006b |||||||| |||| 00| 0 hin d
024 _a12,458
037 _cTextual
040 _aLCO
_cLCO
_bhin
041 _2hin
_ahin
082 _aZ(Q7), N0
100 _aJain D.C.
245 0 _aMuslim Vidhi
260 _aAllahabad
_bAllahabad Law Agency India
_c1990
300 _a230
650 _aMohammedan Law
_9682490
942 _hZ(Q7), N0
_cTEXL
999 _c1182021
_d1182021